<?xml version="1.0" encoding="UTF-8"?>
<record
    xmlns:xsi="http://www.w3.org/2001/XMLSchema-instance"
    xsi:schemaLocation="http://www.loc.gov/MARC21/slim http://www.loc.gov/standards/marcxml/schema/MARC21slim.xsd"
    xmlns="http://www.loc.gov/MARC21/slim">

  <leader>01228nam a22001697a 4500</leader>
  <controlfield tag="003">0</controlfield>
  <controlfield tag="005">20260420115358.0</controlfield>
  <datafield tag="020" ind1=" " ind2=" ">
    <subfield code="a">9789389449433</subfield>
  </datafield>
  <datafield tag="082" ind1=" " ind2=" ">
    <subfield code="a">910.9143 SIB </subfield>
  </datafield>
  <datafield tag="100" ind1=" " ind2=" ">
    <subfield code="a">Sibal, Rajni Sekhri </subfield>
    <subfield code="9">18879</subfield>
  </datafield>
  <datafield tag="245" ind1=" " ind2=" ">
    <subfield code="a">Asariri </subfield>
  </datafield>
  <datafield tag="260" ind1=" " ind2=" ">
    <subfield code="a">New Delhi </subfield>
    <subfield code="b">Bloomsbury Publishing </subfield>
    <subfield code="c">2021</subfield>
  </datafield>
  <datafield tag="300" ind1=" " ind2=" ">
    <subfield code="a">125p. </subfield>
  </datafield>
  <datafield tag="520" ind1=" " ind2=" ">
    <subfield code="a">A few days after Nisha loses her best friend, her father, she meets Asariri on a hilltop covered in daisies and irises in the Himalayas. Asariri befriends Nisha, a young single mother, who has lost her husband and father within a span of two years.

Asariri is a bit of a poet and provides meaning to Nisha's life. Drawing upon all that is rational and profound, Asariri helps Nisha reconcile with death and accompanies her in her quest to understand all that matters to a rational person in a global world - happiness, life choices, dreams and success, balance in life and nature and peace and serenity - and all that needs to be comprehended to live a 'life full of life'.

Asariri is a disembodied voice with access to a mystic ancient pool of infinite wisdom. A poignantly written story-moving, rich in character and deeply emotional.</subfield>
  </datafield>
  <datafield tag="650" ind1=" " ind2=" ">
    <subfield code="a">Mountain </subfield>
    <subfield code="a">Memory </subfield>
    <subfield code="9">18880</subfield>
  </datafield>
  <datafield tag="942" ind1=" " ind2=" ">
    <subfield code="c">B</subfield>
  </datafield>
  <datafield tag="952" ind1=" " ind2=" ">
    <subfield code="0">0</subfield>
    <subfield code="1">0</subfield>
    <subfield code="4">0</subfield>
    <subfield code="7">0</subfield>
    <subfield code="a">LBSNAA</subfield>
    <subfield code="b">LBSNAA</subfield>
    <subfield code="d">2026-04-20</subfield>
    <subfield code="g">399.00</subfield>
    <subfield code="l">0</subfield>
    <subfield code="o">910.9143 SIB </subfield>
    <subfield code="p">186010</subfield>
    <subfield code="r">2026-04-20</subfield>
    <subfield code="w">2026-04-20</subfield>
    <subfield code="y">B</subfield>
    <subfield code="0"></subfield>
    <subfield code="x"></subfield>
    <subfield code="2"></subfield>
  </datafield>
  <datafield tag="999" ind1=" " ind2=" ">
    <subfield code="c">360756</subfield>
    <subfield code="d">360756</subfield>
  </datafield>
</record>
